R (on the application of Cherwell District Council) v First Secretary of State and another (Record no. 117233)

MARC details
000 -LEADER
fixed length control field 02347cam a2200361 4500
001 - CONTROL NUMBER
control field ABS67754
008 - FIXED-LENGTH DATA ELEMENTS--GENERAL INFORMATION
fixed length control field 040423n2004 000 0 eng u
035 ## - SYSTEM CONTROL NUMBER
System control number (Sirsi) u125931
245 ## - TITLE STATEMENT
Title R (on the application of Cherwell District Council) v First Secretary of State and another
260 ## - PUBLICATION, DISTRIBUTION, ETC.
Date of publication, distribution, etc. 2004
490 ## - SERIES STATEMENT
Series statement Estates Gazette
Volume/sequential designation [2004] 16 EG 111(1) (CS))
520 ## - SUMMARY, ETC.
Summary, etc. [2004] EWHC 724 (Admin), 6 April 2004. Claimant local authority (C) sought to quash the decision of the defendant F approving a development by the Home Office for an accommodation centre for asylum seekers in a rural location in Oxfordshire. The Home Office was to retain ownership of the site with a lease granted to a private contractor on a design, build and operate basis. An agreement enabling the Crown to lease the land to the contractor with the benefit of planning permission was entered into under the Town and Country Planning Act 1990 s299A. The background to the decision is explained in paras 1-9 of the judgment. Claimant C challenged S's decision on seven separate points arguing that S had erred in law in allowing the development to go ahead. Full details of the arguments for challenging the decision and the Court's reasons for upholding it are explained in full in paras 10-42. Decision upheld on the basis that C had failed to establish that F had erred in law. C is planning to appeal to the CA against decision. View judgment at www.courtservice.gov.uk.
590 ## - LOCAL NOTE (RLIN)
Local note ABS
590 ## - LOCAL NOTE (RLIN)
Local note ABS
650 ## - SUBJECT ADDED ENTRY--TOPICAL TERM
Topical term or geographic name entry element CROWN IMMUNITY
650 ## - SUBJECT ADDED ENTRY--TOPICAL TERM
Topical term or geographic name entry element DESIGN BUILD AND OPERATE
650 ## - SUBJECT ADDED ENTRY--TOPICAL TERM
Topical term or geographic name entry element ASYLUM SEEKERS
650 ## - SUBJECT ADDED ENTRY--TOPICAL TERM
Topical term or geographic name entry element R V FIRST SOS AND ANOTHER EX P CHERWELL DC
650 ## - SUBJECT ADDED ENTRY--TOPICAL TERM
Topical term or geographic name entry element PLANNING PERMISSION
650 ## - SUBJECT ADDED ENTRY--TOPICAL TERM
Topical term or geographic name entry element TOWN AND COUNTRY PLANNING ACT 1990 PART XIII
650 ## - SUBJECT ADDED ENTRY--TOPICAL TERM
Topical term or geographic name entry element FREEHOLD INTEREST
650 ## - SUBJECT ADDED ENTRY--TOPICAL TERM
Topical term or geographic name entry element LORD ADVOCATE V DUMBARTON DC
650 ## - SUBJECT ADDED ENTRY--TOPICAL TERM
Topical term or geographic name entry element CROWN LANDS
650 ## - SUBJECT ADDED ENTRY--TOPICAL TERM
Topical term or geographic name entry element DOE CIRCULAR 18/1994
650 ## - SUBJECT ADDED ENTRY--TOPICAL TERM
Topical term or geographic name entry element RURAL DEVELOPMENT
650 ## - SUBJECT ADDED ENTRY--TOPICAL TERM
Topical term or geographic name entry element NATIONAL PLANNING POLICY
650 ## - SUBJECT ADDED ENTRY--TOPICAL TERM
Topical term or geographic name entry element SEQUENTIAL TEST
650 ## - SUBJECT ADDED ENTRY--TOPICAL TERM
Topical term or geographic name entry element ERROR IN LAW
690 ## - LOCAL SUBJECT ADDED ENTRY--TOPICAL TERM (OCLC, RLIN)
Topical term or geographic name as entry element PLANNING-CASE LAW
856 ## - ELECTRONIC LOCATION AND ACCESS
Uniform Resource Identifier <a href="https://www.courtservice.gov.uk/judgmentsfiles/j2469/cherwell-v-sshd.htm">https://www.courtservice.gov.uk/judgmentsfiles/j2469/cherwell-v-sshd.htm</a>
Public note View judgment on the Court Service website...
856 ## - ELECTRONIC LOCATION AND ACCESS
Uniform Resource Identifier <a href="https://www.courtservice.gov.uk/judgmentsfiles/j2469/cherwell-v-sshd.htm">https://www.courtservice.gov.uk/judgmentsfiles/j2469/cherwell-v-sshd.htm</a>
Public note View judgment on the Court Service website...
942 ## - ADDED ENTRY ELEMENTS (KOHA)
Suppress in OPAC 0
Holdings
Withdrawn status Lost status Source of classification or shelving scheme Damaged status Not for loan Home library Current library Shelving location Date acquired Total Checkouts Full call number Barcode Date last seen Copy number Price effective from Koha item type
    Dewey Decimal Classification     London London Journal article 23/04/2004   ABS67754 125931-1001 06/08/2019 1 06/08/2019 Law report